Research design and statistical analysis / (Record no. 51988)

MARC details
000 -LEADER
fixed length control field 00672nam a2200241Ia 4500
005 - DATE AND TIME OF LATEST TRANSACTION
control field 20260429112030.0
008 - FIXED-LENGTH DATA ELEMENTS--GENERAL INFORMATION
fixed length control field 260429s9999||||xx |||||||||||||| ||und||
020 ## - INTERNATIONAL STANDARD BOOK NUMBER
International Standard Book Number 9781032897288
041 ## - LANGUAGE CODE
Language English
082 ## - DEWEY DECIMAL CLASSIFICATION NUMBER
Classification number 001.422
Item number ROT
100 ## - MAIN ENTRY--PERSONAL NAME
Personal name Rotello, Caren M.
245 #0 - TITLE STATEMENT
Title Research design and statistical analysis /
Statement of responsibility, etc Caren M. Rotello
250 ## - EDITION STATEMENT
Edition statement 4th ed.
260 ## - PUBLICATION, DISTRIBUTION, ETC. (IMPRINT)
Place of publication, distribution, etc United Kingdom :
Name of publisher, distributor, etc Routledge,
Date of publication, distribution, etc 2025.
300 ## - PHYSICAL DESCRIPTION
Extent xviii, 814 p.; pbk
650 ## - SUBJECT ADDED ENTRY--TOPICAL TERM
Topical term or geographic name as entry element Statistical analysis
650 ## - SUBJECT ADDED ENTRY--TOPICAL TERM
Topical term or geographic name as entry element Statistical methods
650 ## - SUBJECT ADDED ENTRY--TOPICAL TERM
Topical term or geographic name as entry element Research methods
700 ## - ADDED ENTRY--PERSONAL NAME
Personal name Lorch, Robert F.
700 ## - ADDED ENTRY--PERSONAL NAME
Personal name Myers, Jerome L.
700 ## - ADDED ENTRY--PERSONAL NAME
Personal name Well, Arnold D.
942 ## - ADDED ENTRY ELEMENTS (KOHA)
Koha item type Text Books
Holdings
Withdrawn status Lost status Damaged status Not for loan Collection code Home library Location Shelving location Date of Cataloging Source of acquisition Total Checkouts Full call number Barcode Date last seen Price effective from Koha item type
        Non-fiction CUTN Central Library CUTN Central Library Generalia 29/04/2026 Overseas Press, New Delhi - Invoice No. IN32831 on 09-02-2026   001.422 ROT 57031 29/04/2026 29/04/2026 Text Books